| 000 | 00572nam a2200193 u 4500 | ||
|---|---|---|---|
| 005 | 20220622063640.0 | ||
| 008 | 150126s2006 cl r 000 0 spa d | ||
| 020 | _a9589782221 | ||
| 035 | _aUPN01000201447 | ||
| 049 | _aI | ||
| 050 | 4 |
_aPZ76.3 _bD3.343 |
|
| 100 | 1 |
_aDa Coll, Ivar, _d1962- _932700 |
|
| 245 | 1 | 0 |
_aChigüiro y el palo / _cIvar Da Coll. |
| 260 |
_aBogotá : _bBabel Libros, _c2006. |
||
| 300 |
_a[32] p. : _bprincipalmente il. col. |
||
| 650 | 0 |
_aAnimales _vCuentos y leyendas _9234 |
|
| 650 | 4 |
_aLITERATURA INFANTIL COLOMBIANA _911063 |
|
| 905 | _aInfantil | ||
| 999 |
_c173548 _d173548 |
||